000 00648nam a2200253Ia 4500
003 OSt
005 20220924130922.0
006 a|||||r|||| 00| 0
007 ta
008 220923b |||||||| |||| 00| 0 san d
024 _a77462
037 _cTextual
040 _aARTS
_cARTS
_bsan
041 _2san
_asan
082 _aR694,1, 15 M5
100 _aMoksakargupta
_9200852
245 0 _aBudha tarkabhasa
250 _a2nd
260 _aVaranasi
_bAsha Prakashan
_c1985
300 _a134p.
_ccm.
650 _aBUDDHIST PHILOSOPHY
942 _hR694,1, 15 M5
_cTEXL
_2CC
999 _c425589
_d425589